An analysis of the most effective alternative procurement methods for succeefull project delievery in Zimbabwe/ (Record no. 99192)

MARC details
000 -LEADER
fixed length control field 00716nam a2200217 a 4500
008 - FIXED-LENGTH DATA ELEMENTS--GENERAL INFORMATION
fixed length control field
049 ## - LOCAL HOLDINGS (OCLC)
Holding library MAIN
090 ## - LOCALLY ASSIGNED LC-TYPE CALL NUMBER (OCLC); LOCAL CALL NUMBER (RLIN)
Classification number (OCLC) (R) ; Classification number, CALL (RLIN) (NR) TH435
Local cutter number (OCLC) ; Book number/undivided call number, CALL (RLIN) MOY
003 - CONTROL NUMBER IDENTIFIER
control field
005 - DATE AND TIME OF LATEST TRANSACTION
control field 20230120153125.0
040 ## - CATALOGING SOURCE
Transcribing agency NUST
100 1# - MAIN ENTRY--PERSONAL NAME
Personal name Moyo, Tirivavi
245 10 - TITLE STATEMENT
Title An analysis of the most effective alternative procurement methods for succeefull project delievery in Zimbabwe/
Statement of responsibility, etc. Tirivavi Moyo
260 ## - PUBLICATION, DISTRIBUTION, ETC.
Place of publication, distribution, etc. Bulawayo
Name of publisher, distributor, etc. NUST,
Date of publication, distribution, etc. 2009
300 ## - PHYSICAL DESCRIPTION
Extent 78 p. :
Other physical details ill. ;
Dimensions 30 cm.
504 ## - BIBLIOGRAPHY, ETC. NOTE
Bibliography, etc. note Includes bibliographical references.
500 ## - GENERAL NOTE
General note Thesis (Bsc)----NUST, 2009
700 ## - ADDED ENTRY--PERSONAL NAME
Personal name NUST.
Numeration Dept. Of Quantity Surveying.
Date of a work Thesis.
907 ## - LOCAL DATA ELEMENT G, LDG (RLIN)
a .b10320374
b 16-10-12
c 11-10-12
942 ## - ADDED ENTRY ELEMENTS (KOHA)
Koha item type Ordinary Loan Books
Call number prefix TH435
Call number suffix MOY
Holdings
Date last seen Total Checkouts Full call number Barcode Cost, replacement price Price effective from Koha item type Lost status Source of classification or shelving scheme Damaged status Not for loan Collection Withdrawn status Home library Current library Shelving location Date acquired Cost, normal purchase price
01/20/2023 17 TH435 MOY 92004013204 80.00 01/20/2023 3HOUR   LCC     NFIC   MAIN MAIN GEN 01/20/2023 80.00